[Event "SRB-ch U16 Girls"]
[Site "Subotica"]
[Date "2014.04.18"]
[Round "2"]
[White "Racic, Teodora"]
[Black "Rudovic, Anja"]
[Result "1-0"]
[WhiteElo "1642"]
[BlackElo "1618"]
[PlyCount "103"]
[EventDate "2014.04.17"]
[EventType "swiss"]
[EventRounds "9"]
[EventCountry "SRB"]
[SourceTitle "CBM 160 Extra"]
[Source "ChessBase"]
[SourceDate "2014.07.01"]
[SourceVersion "1"]
[SourceVersionDate "2014.07.01"]
[SourceQuality "1"]

1. d4 Nf6 2. c4 g6 3. Nc3 Bg7 4. Bf4 0-0 5. e3 d6 6. Bd3 Nfd7 7. Nge2 e5 8. dxe5 dxe5 9. Bg3 Nc5 10. Bc2 Nc6 11. Nd5 Ne7 12. Bh4 f6 13. Nxf6+ Bxf6 14. Qxd8 Rxd8 15. Bxf6 Rd7 16. Bxe5 Nc6 17. Bc3 Rd6 18. 0-0 Be6 19. b3 Rad8 20. Nd4 Bf7 21. Nxc6 Rxc6 22. Rfd1 Rcd6 23. Rxd6 Rxd6 24. Bd4 Rc6 25. Bxc5 Rxc5 26. Be4 b6 27. Rd1 Re5 28. Bd5 Re7 29. Kf1 Kg7 30. Bxf7 Kxf7 31. Rd4 Kf6 32. Ke2 c5 33. Rd5 Ke6 34. f4 Rf7 35. g3 Re7 36. Re5+ Kf6 37. Rxe7 Kxe7 38. Kd3 Kd6 39. Ke4 Ke6 40. g4 Kf6 41. f5 gxf5+ 42. gxf5 h6 43. h4 h5 44. Kf4 Kf7 45. e4 Ke7 46. e5 Kf7 47. Kg5 Ke7 48. Kg6 a6 49. Kg7 b5 50. f6+ Ke6 51. f7 Kxe5 52. f8Q 1-0

[Event "EU-ch (Women) 14th"]
[Site "Belgrade"]
[Date "2013.07.31"]
[Round "8"]
[White "Rudovic, Anja"]
[Black "Serefidou, Despina"]
[Result "0-1"]
[WhiteElo "1549"]
[BlackElo "1971"]
[PlyCount "106"]
[EventDate "2013.07.23"]
[EventType "swiss"]
[EventRounds "11"]
[EventCountry "SRB"]
[SourceTitle "CBM 155 Extra"]
[Source "ChessBase"]
[SourceDate "2013.08.26"]
[SourceVersion "1"]
[SourceVersionDate "2013.08.26"]
[SourceQuality "1"]

1. e4 c5 2. Nf3 d6 3. d4 cxd4 4. Nxd4 Nf6 5. Nc3 a6 6. h3 e5 7. Nde2 h5 8. g3 b5 9. Bg2 Bb7 10. a3 Nbd7 11. Be3 Nb6 12. b3 Be7 13. f4 Nbd7 14. 0-0 Rc8 15. Qd2 Qc7 16. Rfd1 0-0 17. Rac1 Nc5 18. Nd5 Bxd5 19. exd5 exf4 20. Bxf4 Rfe8 21. Nd4 Nce4 22. Qd3 Nc3 23. Rd2 Ncxd5 24. Bg5 Qc5 25. b4 Nxb4 26. axb4 Qxg5 27. Nf5 d5 28. Nxe7+ Rxe7 29. Rf1 Ne4 30. Bxe4 dxe4 31. Qd6 Re6 32. Qf4 Qxf4 33. Rxf4 e3 34. Re2 Rd8 35. Rf3 Rd1+ 36. Kg2 Rd2 37. Rxd2 exd2 38. Rd3 Re2+ 39. Kf3 d1Q 40. Rxd1 Rxc2 41. Rd8+ Kh7 42. Rd7 Rc4 43. Ra7 Rxb4 44. Rxa6 f6 45. Rb6 Kg6 46. h4 Rb3+ 47. Kf4 Rb1 48. Rb7 b4 49. Ke3 b3 50. Kd2 b2 51. Rb3 Rg1 52. Kc2 b1Q+ 53. Rxb1 Rxb1 0-1

[Event "EU-ch (Women) 14th"]
[Site "Belgrade"]
[Date "2013.07.27"]
[Round "5"]
[White "Oliveira, Maria Ines"]
[Black "Rudovic, Anja"]
[Result "1-0"]
[WhiteElo "1978"]
[BlackElo "1549"]
[PlyCount "51"]
[EventDate "2013.07.23"]
[EventType "swiss"]
[EventRounds "11"]
[EventCountry "SRB"]
[SourceTitle "CBM 155 Extra"]
[Source "ChessBase"]
[SourceDate "2013.08.26"]
[SourceVersion "1"]
[SourceVersionDate "2013.08.26"]
[SourceQuality "1"]

1. e4 c5 2. Nf3 Nf6 3. e5 Nd5 4. g3 Nc6 5. Bg2 g6 6. 0-0 Bg7 7. d4 cxd4 8. Nxd4 Bxe5 9. Nf3 Nf6 10. Nxe5 Nxe5 11. Bh6 Nfg4 12. Bf4 d6 13. h3 Nf6 14. Bh6 Qb6 15. Nc3 Qxb2 16. Qe1 Nfd7 17. f4 Qb6+ 18. Kh2 Nc6 19. Nd5 Qd8 20. Rf2 e6 21. Bg5 Qa5 22. Qxa5 Nxa5 23. Nc7+ Kf8 24. Nxa8 a6 25. Rb1 Kg7 26. Nb6 1-0

[Event "SRB-ch U14 Girls"]
[Site "Vrnjacka Banja"]
[Date "2013.05.03"]
[Round "5"]
[White "Rudovic, Anja"]
[Black "Injac, Teodora"]
[Result "0-1"]
[WhiteElo "1585"]
[BlackElo "1760"]
[PlyCount "52"]
[EventDate "2013.04.30"]
[EventType "swiss"]
[EventRounds "9"]
[EventCountry "SRB"]
[SourceTitle "CBM 154 Extra"]
[Source "ChessBase"]
[SourceDate "2013.06.25"]
[SourceVersion "2"]
[SourceVersionDate "2013.06.25"]
[SourceQuality "1"]

1. e4 g6 2. h4 Bg7 3. h5 d5 4. exd5 Qxd5 5. Nc3 Qa5 6. Bc4 Nc6 7. Nge2 Bg4 8. hxg6 hxg6 9. Rxh8 Bxh8 10. f3 Bd7 11. d3 Qh5 12. Bf4 e5 13. Bg3 Nh6 14. Kf2 Qf5 15. Qd2 Bg7 16. Rh1 g5 17. Nd5 0-0-0 18. Ne3 Qg6 19. Nc3 f5 20. Ned5 f4 21. Bh2 g4 22. Ke1 Qh5 23. fxg4 Nxg4 24. Qe2 Qh4+ 25. Kf1 Nxh2+ 26. Kg1 Rh8 0-1

[Event "Belgrade-ch (Women)"]
[Site "Belgrade"]
[Date "2013.01.31"]
[Round "9"]
[White "Rudovic, Anja"]
[Black "Djukic, Sandra"]
[Result "0-1"]
[WhiteElo "1570"]
[BlackElo "2131"]
[PlyCount "76"]
[EventDate "2013.01.23"]
[EventType "swiss"]
[EventRounds "9"]
[EventCountry "SRB"]
[SourceTitle "EXT 2014"]
[Source "ChessBase"]
[SourceDate "2013.11.20"]
[SourceVersion "1"]
[SourceVersionDate "2013.11.20"]
[SourceQuality "1"]

1. e4 c5 2. c3 d5 3. exd5 Qxd5 4. Nf3 Nc6 5. d4 Nf6 6. g3 cxd4 7. cxd4 Bg4 8. Bg2 Nxd4 9. Qxd4 Bxf3 10. Qxd5 Bxd5 11. 0-0 e6 12. Nc3 Bxg2 13. Kxg2 Bb4 14. Bd2 0-0 15. a3 Bxc3 16. Bxc3 Nd5 17. Bd4 Rfd8 18. Rfd1 Rd7 19. Rd2 Rad8 20. Rad1 a6 21. f4 f6 22. Kf3 Kf7 23. g4 Nxf4 24. Be3 Rxd2 25. Rxd2 Nd5 26. Bf2 Rc8 27. Bg3 b5 28. Bd6 Rc6 29. Bb8 a5 30. Ba7 Rc4 31. Kg3 Ke7 32. h3 g6 33. Rf2 e5 34. Bb8 Ke6 35. Kf3 a4 36. Re2 b4 37. axb4 Rxb4 38. Ba7 Rb3+ 0-1

[Event "Belgrade-ch (Women)"]
[Site "Belgrade"]
[Date "2013.01.28"]
[Round "6"]
[White "Rudovic, Anja"]
[Black "Injac, Teodora"]
[Result "1/2-1/2"]
[WhiteElo "1570"]
[BlackElo "1745"]
[PlyCount "30"]
[EventDate "2013.01.23"]
[EventType "swiss"]
[EventRounds "9"]
[EventCountry "SRB"]
[SourceTitle "EXT 2014"]
[Source "ChessBase"]
[SourceDate "2013.11.20"]
[SourceVersion "1"]
[SourceVersionDate "2013.11.20"]
[SourceQuality "1"]

1. e4 e6 2. c4 d5 3. exd5 exd5 4. cxd5 Nf6 5. Nc3 Nxd5 6. Nxd5 Qxd5 7. Nf3 Be7 8. Be2 0-0 9. 0-0 Bf5 10. d4 Nc6 11. Be3 Rad8 12. Qa4 Be4 13. a3 Kh8 14. Rac1 Bd6 15. Rfd1 h6 1/2-1/2

[Event "Belgrade-ch (Women)"]
[Site "Belgrade"]
[Date "2013.01.27"]
[Round "5"]
[White "Rudovic, Anja"]
[Black "Tomin, Ksenija"]
[Result "1/2-1/2"]
[WhiteElo "1570"]
[BlackElo "1963"]
[PlyCount "43"]
[EventDate "2013.01.23"]
[EventType "swiss"]
[EventRounds "9"]
[EventCountry "SRB"]
[SourceTitle "EXT 2014"]
[Source "ChessBase"]
[SourceDate "2013.11.20"]
[SourceVersion "1"]
[SourceVersionDate "2013.11.20"]
[SourceQuality "1"]

1. e4 c5 2. Nf3 e6 3. d4 cxd4 4. Nxd4 a6 5. Nc3 Qc7 6. Bd3 d6 7. 0-0 Nf6 8. Qd2 Be7 9. b3 0-0 10. Bb2 Nbd7 11. Rfe1 b6 12. Nce2 Bb7 13. Ng3 d5 14. exd5 Nxd5 15. c4 Bb4 16. Qg5 N5f6 17. Ndf5 exf5 18. Nxf5 g6 19. Bxf6 Nxf6 20. Qxf6 gxf5 21. Re3 Bd6 22. Qg5+ 1/2-1/2

[Event "SRB Kadetski festival U14 Girls 6th"]
[Site "Vrnjacka Banja"]
[Date "2012.04.14"]
[Round "7"]
[White "Petrovic, Tamara"]
[Black "Rudovic, Anja"]
[Result "1/2-1/2"]
[WhiteElo "1693"]
[BlackElo "1568"]
[PlyCount "127"]
[EventDate "2012.04.10"]
[EventType "swiss"]
[EventRounds "9"]
[EventCountry "SRB"]
[SourceTitle "CBM 148 Extra"]
[Source "ChessBase"]
[SourceDate "2012.06.22"]
[SourceVersion "1"]
[SourceVersionDate "2012.06.22"]
[SourceQuality "1"]

1. e4 c5 2. c3 Nc6 3. d4 cxd4 4. cxd4 d5 5. e5 g6 6. Nc3 Bg7 7. Bb5 Qd7 8. Nf3 a6 9. Ba4 b5 10. Bb3 e6 11. 0-0 Nge7 12. Bc2 0-0 13. Be3 Nf5 14. Bxf5 exf5 15. Qd2 Re8 16. Rac1 f6 17. exf6 Bxf6 18. a3 Bb7 19. Rfe1 Na5 20. Qc2 Nc4 21. Bf4 Rxe1+ 22. Rxe1 Re8 23. Rxe8+ Qxe8 24. h3 Qe7 25. Qc1 b4 26. axb4 Qxb4 27. Nd1 Na5 28. Bd2 Nb3 29. Bxb4 Nxc1 30. Kf1 Nb3 31. Bc3 Kf7 32. Ke2 Ke6 33. Ne3 a5 34. Kd1 a4 35. Nc2 Ba6 36. g4 Bf1 37. g5 Bg7 38. h4 Bf8 39. Ne5 Bd6 40. Ke1 Ba6 41. f4 Bc7 42. Nb4 Bb7 43. Ke2 Na5 44. Nbd3 Ba6 45. Kd2 Nc4+ 46. Nxc4 Bxc4 47. Nc5+ Ke7 48. Ke3 Bb5 49. Bb4 Kf7 50. Bd2 Bd6 51. Nb7 Bc7 52. Kf2 Ke6 53. Ke1 Kd7 54. Kd1 Kc6 55. Nc5 Kd6 56. Kc2 Bc4 57. Kc3 Ba5+ 58. Kc2 Bb3+ 59. Kc1 Bb6 60. Bb4 Bxc5 61. Bxc5+ Kc6 62. Kd2 Kb5 63. Kc3 Ka5 64. Bb4+ 1/2-1/2